000 00583nam a2200193Ia 4500
003 GCL
008 140319s9999 xx 000 0 ara d
040 _aGCL /
_cGCL
082 0 4 _a810.982
_bم ا
100 1 _aمحمد زغلول سلام
245 1 0 _aالادب فى العصر المملوكى /
_cمحمد زغلول سلام
260 _a[S.N] :
_bمنشاة المعارف الاسلامية ،
_c1994
300 _a454
490 _a
650 0 4 _aالادب العربى
650 0 4 _aالعصر المملوكى
650 0 4 _aتاريخ ونقد
942 _2ddc
_cBK
999 _c32064
_d32064